Pedagogická revue časopis pre pedagogickú teóriu, prax a podporné vedy o výchove

Saved in:
Bibliographic Details
Format: Serial
Language:Slovak
Published: Bratislava Slovenské pedagogické nakladateľstvo 2000
Tags: Add Tag
No Tags, Be the first to tag this record!

MARC

LEADER 00000nas2a2200000 4500
001 s124806
005 20250617091016.2
022 |a 1335-1982 
041 0 |a slo 
044 |a SK 
245 1 0 |a Pedagogická revue  |b časopis pre pedagogickú teóriu, prax a podporné vedy o výchove 
264 1 |a Bratislava  |b Slovenské pedagogické nakladateľstvo  |c 2000 
300 |a 1 zv.